000 01501cam a2200349 a 4500
001 EDZ0000071612
003 StDuBDS
005 20161031105140.0
006 m||||||||d||||||||
007 cr |||||||||||
008 120405s2006 enk fo| 001|0|eng|d
020 _a9781446215265 (ebook) :
_cNo price
040 _aStDuBDS
_beng
_cStDuBDS
_epn
049 _aAlfaisal Main Library
050 0 _aPN5119
_b.I58 2006
082 0 4 _a072
_223
245 0 3 _aAn introduction to journalism
_h[electronic resource] /
_cCarole Fleming ... [et al.].
260 _aLondon :
_bSAGE,
_c2006.
300 _a1 online resource (vii, 245 p.)
520 8 _a'An Introduction to Journalism' examines the skills needed to work as a journalist in newspapers, television, radio and online. This book provides case studies as a guide to researching stories, interviewing and writing for each medium and also includes interviews with journalists working on a variety of news outlets.
521 _aSpecialized.
588 _aDescription based on print version record.
504 _aIncludes bibliographical references and index.
650 0 _aJournalism
_zGreat Britain.
650 0 _aReporters and reporting
_zGreat Britain.
655 7 _aElectronic books.
_2local
700 1 _aFleming, Carole,
_d1955-
710 2 _aSage eBooks
776 0 8 _iPrint version :
_z9780761941828
856 4 0 _uhttp://ezproxy.alfaisal.edu/login?url=http://sk.sagepub.com/books/an-introduction-to-journalism
942 _2lcc
_cEBOOKS
999 _c480368
_d480368